Ex. Formel 1 Strecken - Statistiken

Allgemein
  • Dieses Quiz wurde 135 mal gespielt
  • Das Durchschnittsergebnis liegt bei 34 aus 45
Antwortstatistiken
Frage Kachel Select % Korrekt
Welche dieser Grand Prix gibt es nicht mehr Red Bull Ring Spielberg, Östereich Nein
99%
Welche dieser Grand Prix gibt es nicht mehr Silverstone Circuit Silverstone, VK Nein
99%
Welche dieser Grand Prix gibt es nicht mehr Autodromo Nazionale di Monza Monza, Italien Nein
98%
Welche dieser Strecken werden 2024 nicht gefahren? Autodromo Nazionale di Monza Monza, Italien Nein
97%
Welche dieser Grand Prix gibt es nicht mehr Circuit de Americans Austin, USA Nein
97%
Welche dieser Strecken werden 2024 nicht gefahren? Circuit de Monaco Monaco, Monaco Nein
96%
Welche dieser Strecken werden 2024 nicht gefahren? Marina Bay Street Circuit Singapur, Singapur Nein
96%
Welche dieser Grand Prix gibt es nicht mehr Scandinavian Raceway Anderstorp, Schweden Ja
96%
Welche dieser Grand Prix gibt es nicht mehr Autodromo Enzo e Dino Ferrari Imola, Italien Nein
93%
Diese Strecken wurden gebannt Autodromo Nazionale di Monza Monza, Italien Nein
93%
Diese Strecken wurden gebannt Baku City Circuit Baku, Aserbaidschan Nein
93%
Welche dieser Strecken werden 2024 nicht gefahren? Kyalami Grand Prix Circuit Kyalami, Süd Afrika Ja
93%
Welche dieser Strecken werden 2024 nicht gefahren? Nürburgring Nürburg, Deutschland Ja
93%
Welche dieser Strecken werden 2024 nicht gefahren? Sochi Autodrom Sochi, Russland Ja
93%
Welche dieser Strecken werden 2024 nicht gefahren? Korean International Circuit Yeongam, Südkorea Ja
92%
Welche dieser Strecken werden 2024 nicht gefahren? Magny-Cours Circuit Nevers, Frankreich Ja
88%
Eine dieser Strecken wurde nie für die Formel 1 benutzt doch welche? Circuit de Americans Austin, USA Nein
87%
Welche Strecken wurden als zu gefährlich eingestuft Autodromo Enzo e Dino Ferrari Imola, Italien Nein
86%
Welche dieser Strecken werden 2024 nicht gefahren? Long Beach Grand Prix Circuit Long Beach, USA Ja
85%
Welche dieser Grand Prix gibt es nicht mehr Hockenheim Ring Hockenheim, Deutschland Ja
84%
Welche dieser Grand Prix gibt es nicht mehr Sochi Autodrom Sochi, Russland Ja
83%
Diese Strecken wurden gebannt AVUS Berlin, Deutschland Ja
81%
Eine dieser Strecken wurde nie für die Formel 1 benutzt doch welche? Sochi Autodrom Sochi, Russland Nein
81%
Eine dieser Strecken wurde nie für die Formel 1 benutzt doch welche? Sepang International Circuit Sepang, Malaysia Nein
79%
Eine dieser Strecken wurde nie für die Formel 1 benutzt doch welche? Adelaide Street Circuit Adelaide, Australien Nein
78%
Diese Strecken wurden gebannt Bremgarten-Rundstrecke Bern, Schweiz Ja
77%
Welche dieser Grand Prix gibt es nicht mehr Sepang International Circuit Sepang, Malaysia Ja
77%
Welche Strecken wurden als zu gefährlich eingestuft AVUS Berlin, Deutschland Ja
76%
Welche Strecken wurden als zu gefährlich eingestuft Sochi Autodrom Sochi, Russland Nein
76%
Eine dieser Strecken wurde nie für die Formel 1 benutzt doch welche? AVUS Berlin, Deutschland Nein
74%
Eine dieser Strecken wurde nie für die Formel 1 benutzt doch welche? Scandinavian Raceway Anderstorp, Schweden Nein
74%
Welche Strecken wurden als zu gefährlich eingestuft Sepang International Circuit Sepang, Malaysia Nein
74%
Eine dieser Strecken wurde nie für die Formel 1 benutzt doch welche? Circuit d’Ain-Diab Casablanca, Marokko Nein
72%
Welche Strecken wurden als zu gefährlich eingestuft Autódromo Internacional do Algarve Portimão, Portugal Nein
70%
Eine dieser Strecken wurde nie für die Formel 1 benutzt doch welche? Lausitzring Schipkau, Deutschland Ja
69%
Eine dieser Strecken wurde nie für die Formel 1 benutzt doch welche? Aintree Circuit Liverpool, VK Nein
67%
Diese Strecken wurden gebannt Sochi Autodrom Sochi, Russland Ja
63%
Welche Strecken wurden als zu gefährlich eingestuft Adelaide Street Circuit Adelaide, Australien Nein
53%
Welche Strecken wurden als zu gefährlich eingestuft Nürburgring Nürburg, Deutschland Ja
51%
Diese Strecken wurden gebannt Nürburgring Nürburg, Deutschland Ja
49%
Diese Strecken wurden gebannt Kyalami Grand Prix Circuit Kyalami, Süd Afrika Nein
46%
Diese Strecken wurden gebannt Brands Hatch Dartfort, VK Nein
36%
Diese Strecken wurden gebannt Aintree Circuit Liverpool, VK Nein
31%
Welche Strecken wurden als zu gefährlich eingestuft Circuit d’Ain-Diab Casablanca, Marokko Nein
26%
Welche Strecken wurden als zu gefährlich eingestuft Hockenheim Ring Hockenheim, Deutschland Ja
15%
Keine übereinstimmenden Quizze gefunden
Verteilung der Resultate
Anzahl Personen mit jedem Resultat
Perzentil nach korrekt beantworteten Fragen
Ihre Resultats-Entwicklung
Sie haben dieses Quiz noch nicht gespielt